000 00537nam a2200169 i 4500
001 87168
003 ES-MaACL
005 20230906175618.0
007 t|
008 041220s1999 xxk ||||1| eng d
100 1 _aKnaggs, R. Lawford.
_968315
245 1 4 _aThe inflammatory and toxic diseases of Bone /
_cby R. Lawford Knaggs ; with numerous photomicrogragphs by G.H. Rodman.
260 _aBristol :
_bJohn Wright and Sons,
_c1926.
300 _aXII, 416 p. ;
_c23 cm.
700 1 _aRodman, G. H.
_998148
852 _aES-MaACL
_jB-11242
999 _c87168
_d87168